Microphone Brands - Statistics

General Stats
  • This quiz has been taken 7 times
  • The average score is 12 of 50
Answer Stats
Answer % Correct
Shure
100%
Audio-Technica
60%
Neumann
60%
AKG
40%
LEWITT
40%
Sony
40%
ADK
20%
Advanced Audio
20%
Antelope
20%
Aston
20%
Avantone
20%
Blue
20%
Bock
20%
CAD
20%
Earthworks
20%
Ear Trumpet Labs
20%
Ehrlund
20%
Flea
20%
Gauge
20%
Hammer Audio
20%
IK Multimedia
20%
InnerTUBE
20%
Josephson
20%
JZ Microphones
20%
Lauten
20%
Luke Audio
20%
Manley
20%
Microtech Gefell
20%
Mojave
20%
Monheim
20%
MXL
20%
Oktava
20%
Pearlman
20%
Peluso
20%
Recording Tools
20%
Rode
20%
Roswell
20%
Schoeps
20%
sE Electronics
20%
Sennheiser
20%
Slate
20%
Sontronics
20%
Soundelux
20%
Soyuz
20%
Sterling
20%
Telefunken
20%
Universal Audio
20%
Vanguard Audio Labs
20%
Warm Audio
20%
Wunder
20%
No matching quizzes found
Score Distribution
Percent of People with Each Score
Percentile by Number Answered
Your Score History
You have not taken this quiz